| 000 | 00677nam a2200169Ia 4500 | ||
|---|---|---|---|
| 008 | 100122s9999 xx 000 0 und d | ||
| 082 |
_b68365 _a362.6 |
||
| 100 | _aराव कल्लुरी सुब्बा | ||
| 245 | _aवृध्दत्व - अनु.- नाडकर्णी सुरेश | ||
| 250 | _a2 | ||
| 260 |
_bनॅशनल बुक ट्रस्ट _c2004 |
||
| 300 | _a60 | ||
| 630 | _aवृध्दत्व - अनु.- नाडकर्णी सुरेश | ||
| 700 | _aनाडकर्णी सुरेश | ||
| 730 | _aवृध्दत्व - अनु.- नाडकर्णी सुरेश | ||
| 942 | _cBOOK | ||
| 999 |
_c440046 _d440043 |
||